Biggest Cities/Metro Areas in Chile Quiz - Statistics

General Stats
  • This quiz has been taken 1,586 times
  • The average score is 6 of 10
Answer Stats
Population City % Correct
6,676,745 Greater Santiago
100%
892,143 Greater Valparaiso
88%
1,013,856 Greater Concepción
72%
360,473 Antofagasta
70%
185,268 Arica
58%
264,682 Greater Iquique
57%
401,845 Greater La Serena
54%
363,964 Greater Temuco
51%
307,004 Rancagua Area
44%
201,797 Talca
44%
No matching quizzes found
Score Distribution
Percent of People with Each Score
Percentile by Number Answered
Your Score History
You have not taken this quiz